MARVEL! - Statystyki

Ogólne statystyki
  • Ten quiz został rozwiązany 60 razy
    38 od ostatniego zresetowania
  • Średni wynik to 7 z 32
Statystyki odpowiedzi
Obrazkowy Odpowiedź % Poprawnych
M.O.D.O.K.
89%
Red Guardian
72%
Mysterio
61%
The Thing
50%
Drax
44%
Stan Lee
44%
Nick Fury
42%
Electro
39%
Cloak
33%
Captain America
28%
Ego The Living Planet
28%
Knull
28%
Echo
25%
Arnim Zola
22%
Goose
14%
Loki Laufeyson
14%
Negasonic Teenage Warhead
14%
A-Bomb
11%
H.E.R.B.I.E.
11%
Nightmare
11%
Zabu
11%
John Jonah Jameson
8%
Leech
8%
Brood
6%
Harry Osborn Green Goblin
6%
Captain Corbett
3%
Electro (Ultimate)
3%
Green Goblin (Ultimate)
3%
Jeff! The Baby Land Shark
3%
Kraglin Obfonterni
3%
Sam Wilson Captain America
3%
Zero
3%
Nie znaleziono quizów pasujących do podanych kryteriów
Rozkład punktacji
Procent ludzi z każdym wynikiem
Percentyl według liczby udzielonych odpowiedzi
Twoja historia wyników
Nie rozwiązałeś tego quizu od ostatniego zresetowania